000 00776nam a2200229 i 4500
001 80283
003 ES-MaACL
005 20230906174159.0
007 t|
008 041027s1988 sp ||||1| spa d
020 _a84-86852-64-1
100 1 _aHidalgo Fructuoso, Margarita.
_963590
245 1 0 _aAplicaciones del ordenador en la rehabilitación del lenguaje /
_cMargarita Hidalgo Fructuoso ; fotografías Saturnino Espín Muñoz.
250 _a1ª ed.
260 _aMadrid :
_bInstituto Nacional de Servicios Sociales,
_c1988.
300 _a188 p. :
_bil. ;
_c20 cm.
490 1 _aRehabilitacion ;
_v30
700 1 _aEspín Muñoz, Saturnino.
_947829
830 0 _aRehabilitacion ;
_v30
_9178031
852 _aES-MaACL
_jL-12832
_bR.116209
999 _c80283
_d80283